Carregando...

They had a dream /

Detalhes bibliográficos
Autor principal: Reasons, George
Outros Autores: Patrick, Sam
Formato: Printed Book
Idioma:English
Publicado em: New American Library, 1971.
LEADER 00480nam a2200145Ia 4500
008 150624b xxu||||| |||| 00| 0 eng d
082 |a 920.0092961 
100 |a Reasons, George 
245 |a They had a dream /  |c George Reasons 
260 |b New American Library,  |c 1971. 
300 |a 173 p. 
700 |a Patrick, Sam 
942 |c BK 
999 |c 19220  |d 19220 
952 |0 0  |1 0  |4 0  |6 920_009296073000000_REA_T  |7 0  |9 19219  |a UL  |b UL  |c ST2  |d 1998-09-07  |l 0  |o 920.009296073 REA/T  |p 29030  |r 2012-10-27  |w 2012-10-27  |y BK